banner koha

Electroretinography in eight species of neotropical deer (Registro n. 327850)

MARC details
000 -LÍDER
fixed length control field 04252nab a2200385 i 4500
003 - CÓDIGO MARC DA AGÊNCIA CATALOGADORA
Campo de controle BR-BrBNA
005 - DATA E HORA DA ÚLTIMA ATUALIZAÇÃO
Campo de controle 20240927120945.0
008 - CAMPO DE TAMANHO FIXO
fixed length control field 240927b2018 bl.|r|pooa||| 00| 0 eng |
040 ## - FONTE DA CATALOGAÇÃO
Agência catalogadora BR-BrBNA
Idioma da catalogação eng
072 ## - CATEGORIA AGRIS
Código AGRIS L20
Código do objeto 8891
072 ## - CATEGORIA AGRIS
Código AGRIS L40
072 ## - CATEGORIA AGRIS
Código AGRIS L70
100 ## - ENTRADA PRINCIPAL - NOME PESSOAL
Nome pessoal R.M. Crivelaro
100 ## - ENTRADA PRINCIPAL - NOME PESSOAL
Nome pessoal R. Thiesen2 , M
100 ## - ENTRADA PRINCIPAL - NOME PESSOAL
Nome pessoal M. Aldrovani1
100 ## - ENTRADA PRINCIPAL - NOME PESSOAL
Nome pessoal T.B. Lima1 ,
100 ## - ENTRADA PRINCIPAL - NOME PESSOAL
Nome pessoal K.P. Ortêncio1
100 ## - ENTRADA PRINCIPAL - NOME PESSOAL
Nome pessoal I.R.M. Padua
100 ## - ENTRADA PRINCIPAL - NOME PESSOAL
Nome pessoal J.M.B. Duarte2
100 ## - ENTRADA PRINCIPAL - NOME PESSOAL
Nome pessoal J.L. Laus
245 ## - TÍTULO PRINCIPAL
Título principal Electroretinography in eight species of neotropical deer
500 ## - NOTA GERAL
Nota geral Publicação online; 31 ref.; 2 table; 2 illus.; Summaries (En, Pt)
942 ## - ADDED ENTRY ELEMENTS (KOHA)
Koha item type Analítica
520 ## - NOTA DE RESUMO
Nota de conteúdo <br/><br/>ABSTRACT - The aim of this study was to establish normal baseline ERG values of 23 anesthetized deer belonging to 8 neotropical species (Mazama americana, Mazama nemorivaga, Mazama gouazoubira, Mazama nana, Mazama bororo, Ozotocerus bezoarticus, Odocoileus virginianus and Blastocerus dichotomus). Only right eyes were studied. Chemical restraint was performed using xylazine associated with ketamine, IM, for M. americana, M. gouazoubira, M. nemorivaga, M. nana, M. bororo, O. bezoarticus and O. virginianus. A combination of tiletamine/zolazepam diluted in xylazine 2% was used for B. dichotomus individuals. After 20min of dark adaptation, electroretinograms were obtained using a handheld electroretinography (ERG) machine using the QuickRetCheck Protocol at three different light intensities: 0.01cd.s/m 2, 3cd.s/m 2, and 10cd.s/m2. . After light adaptation, photopic phase was recorded. Awave amplitude recorded during pattern mixed rod/cone response in M. americana was significantly lower when compared to B. dichotomus. No other differences were observed between the species studied. ERG in Neotropical deer is applicable using a portable ERG system and did not show differences among species in relation to the retinal response at different light intensities. Therefore, the lifestyle of the species is more dictated by the selection pressure of the environment than by physiological factors.<br/><br/><br/>Keywords: cervidae, habitat, retina, wild animal, ERG
520 ## - NOTA DE RESUMO
Nota de conteúdo <br/><br/>RESUMO - Objetivou-se estabelecer valores de referência para eletrorretinografia (ERG) de 23 cervídeos anestesiados, de oito espécies neotropicais (Mazama americana, Mazama nemorivaga, Mazama gouazoubira, Mazama nana, Mazama bororo, Ozotocerus bezoarticus, Odocoileus virginianus e Blastocerus dichotomus). Somente os olhos direitos foram estudados. A contenção química foi realizada com cetamina/xilazina, IM, nas seguintes espécies: M. americana, M. gouazoubira, M. nemorivaga, M. nana, M. bororo, O. bezoarticus e O. virginianus. Para o B. dichotomus, foi utilizada a associação de tiletamina/zolazepam e xilazina. Após 20 minutos de adaptação ao escuro, os eletrorretinogramas foram obtidos com aparelho portátil de ERG, utilizando-se o protocolo “QuickRet Check”, em três intensidades de luz: 0.01cd.s/m2, 3cd.s/m2 e 10cd.s/m2 . Após adaptação à luz, realizou-se a fase fotóptica. Os valores para amplitude da onda A durante a resposta padrão mista de cones/bastonetes em M. americana foram significativamente menores quando comparados aos do B. dichotomus. Não foram observadas outras diferenças entre as espécies. A realização de ERG em cervídeos neotropicais é aplicável utilizando-se aparelho portátil e não demonstrou diferenças quanto à resposta retiniana a diferentes intensidades de luz. Dessa forma, o estilo de vida das espécies é ditado mais pela pressão de seleção do ambiente do que por fatores fisiológicos.<br/><br/><br/>Palavras-chave: cervídeos, habitat, retina, animais selvagens, ERG
650 ## - ASSUNTO - THESAGRO
Cabeçalho tópico ou nome geográfico VEADO
650 ## - ASSUNTO - THESAGRO
Cabeçalho tópico ou nome geográfico ANIMAL SELVAGEM
650 ## - ASSUNTO - THESAGRO
Cabeçalho tópico ou nome geográfico MORFOLOGIA ANIMAL
650 ## - ASSUNTO - THESAGRO
Cabeçalho tópico ou nome geográfico OLHO
650 ## - ASSUNTO - THESAGRO
Cabeçalho tópico ou nome geográfico RETINA
650 ## - ASSUNTO - THESAGRO
Cabeçalho tópico ou nome geográfico HABITAT
773 0# - ENTRADA ANALÍTICA
Host Biblionumber 1643
Registro do item 344677
Imprenta Belo Horizonte-MG Universidade Federal de Minas Gerais - Escola de Veterinaria 1983
Outro identificador 2024-5011
Título Arquivo Brasileiro de Medicina Veterinária e Zootecnia (Brazil)
ISSN 0102-0935
Colação v. 70(5) p. 1505-1513; (2018)
Número de controle de registro BR2024002529
856 ## - ACESSO E ENDEREÇO ELETRÔNICO
Identificador uniforme de recurso - URI https://www.scielo.br/j/abmvz/a/nZS6CCrmJ9jSqTtRXSxWgmt/?format=pdf&lang=en

Nenhum exemplar disponível.

BINAGRI

Telefone: (61)3218-2567/2388/3357/2097 - binagri@agro.gov.br

Ministério da Agricultura e Pecuária , Esplanada dos Ministérios, Bloco D, Anexo B, Brasília/DF, CEP: 70.043-900